000 00657nam a2200241Ia 4500
003 OSt
005 20220918223052.0
006 a|||||r|||| 00| 0
007 ta
008 220917b |||||||| |||| 00| 0 eng d
024 _a220,166
037 _cTextual
040 _aARTS
_cARTS
_beng
041 _2eng
_aeng
082 _aZ1aN7, L8 (BB)
100 _aMerrills J G
_9144777
245 0 _aCurent biliogralphy of international law
260 _aLondon
_bButterworths
_c1978
300 _axx,277p
_ccm.
650 _aINTERNATIONAL LAW
_921942
942 _hZ1aN7, L8 (BB)
_cTEXL
_2CC
999 _c277299
_d277299